000 00594nam a2200205 i 4500
001 bg
100 1 _aBOCKRIS, John O'M
245 0 _aSurface electrochemistry :
_ba molecular level approach /
_cJohn O'M. Bockris, Shahed U.M. Khan.
260 _aNew York ; London :
_bPlenum Press,
_c1993.
300 _a1014 s. :
_brys., wykr. ;
_c27 cm.
650 9 _aElektrochemia
_xteoria
700 1 _aKHAN, Shahed U. M.
020 _a0306443392
040 _cBPK
041 _apol
080 _a541.13:621.35
920 _a0-306-44339-2
942 _cKS
008 s pl f |000 0 pol
999 _c29911
_d29911